000
00298nam a2200097Ia 4500
008
230915s9999 xx 000 0 und d
050
_a
H62.S56.C.1
100
_a
PHILIP CHUNG HO SHUN
245
0
_a
HOW TO READ JOURNAL ARTICLES IN THE SOCIAL SCIENCE: A VERY PRACTICAL GUIDE FOR STUDENTS
942
_c
BK
999
_c
160459
_d
160459